[Event "Natal Potiguar op"]
[Site "Natal"]
[Date "2016.07.02"]
[Round "3"]
[White "Rocha, Vitor Firmo de Souz"]
[Black "Da Silva Filho, Ibernon Luiz"]
[Result "1-0"]
[WhiteElo "2163"]
[BlackElo "1593"]
[PlyCount "73"]
[EventDate "2016.07.01"]
[EventType "swiss"]
[EventRounds "6"]
[EventCountry "BRA"]
[SourceTitle "EXT 2017"]
[Source "ChessBase"]
[SourceDate "2016.10.25"]
[SourceVersion "1"]
[SourceVersionDate "2016.10.25"]
[SourceQuality "1"]

1. e4 c6 2. d4 d5 3. e5 Bf5 4. Nf3 e6 5. Be2 Bb4+ 6. c3 Ba5 7. 0-0 Nd7 8. Nbd2 Ne7 9. Nb3 h6 10. a4 Bb6 11. Be3 a5 12. Re1 Qc7 13. Rc1 Qb8 14. Nfd2 Qa7 15. c4 dxc4 16. Nxc4 Nd5 17. Nd6+ Ke7 18. Bf3 Bg6 19. h4 Nb4 20. h5 Bh7 21. Rc3 Bc7 22. d5 Bb6 23. Bxb6 Qxb6 24. Nxf7 exd5 25. Nxh8 Rxh8 26. Bg4 Rf8 27. Re2 Qc7 28. Rg3 Nxe5 29. Rge3 Be4 30. Qd4 Nxg4 31. Qxg7+ Rf7 32. Qxg4 Kd6 33. Qg8 Ke7 34. Rxe4+ dxe4 35. Rxe4+ Kd6 36. Qg6+ Kd5 37. Qe6# 1-0

[Event "Mossoroense-ch"]
[Site "Mossoro"]
[Date "2015.11.25"]
[Round "1.4"]
[White "Lira, Carlan Amorim"]
[Black "Da Silva Filho, Ibernon Luiz"]
[Result "1-0"]
[WhiteElo "1731"]
[BlackElo "1660"]
[PlyCount "99"]
[EventDate "2015.11.25"]
[EventType "tourn"]
[EventRounds "7"]
[EventCountry "BRA"]
[SourceTitle "EXT 2022"]
[Source "ChessBase"]
[SourceDate "2021.10.06"]
[SourceVersion "1"]
[SourceVersionDate "2021.10.06"]
[SourceQuality "1"]

1. e4 c6 2. d4 d5 3. e5 Bf5 4. Bd3 Bxd3 5. Qxd3 e6 6. Ne2 Bb4+ 7. c3 Ba5 8. 0-0 g6 9. Qg3 Nd7 10. Nd2 Qe7 11. Nf3 0-0-0 12. a4 Bc7 13. b3 f6 14. Re1 fxe5 15. dxe5 Qg7 16. Ned4 Re8 17. Bf4 h6 18. Qg4 Qf7 19. Bg3 Bd8 20. Nd2 h5 21. Qf3 Qxf3 22. N2xf3 g5 23. h4 g4 24. Nd2 Nh6 25. c4 Bb6 26. Ne2 Nf5 27. a5 Bc7 28. Bh2 Nxh4 29. cxd5 exd5 30. e6 Nc5 31. Bxc7 Kxc7 32. Nd4 Rhf8 33. Re5 Rh8 34. Re3 Ng6 35. b4 Na6 36. b5 Nb8 37. Rc1 Ne7 38. bxc6 Nbxc6 39. Nb5+ Kb8 40. Nd6 Ref8 41. Nb3 Nf5 42. Nxf5 Rxf5 43. Nc5 Ne7 44. Rb3 Rc8 45. Rxb7+ Ka8 46. Rxe7 d4 47. a6 Rff8 48. Rd7 Rc6 49. e7 Re8 50. Nd3 1-0

[Event "Mossoro IRT 1st"]
[Site "Mossoro"]
[Date "2015.10.04"]
[Round "13.4"]
[White "Carneiro, Jose Gildivan"]
[Black "Da Silva Filho, Ibernon Luiz"]
[Result "1-0"]
[WhiteElo "1646"]
[BlackElo "1695"]
[PlyCount "85"]
[EventDate "2015.09.20"]
[EventType "tourn"]
[EventRounds "12"]
[EventCountry "BRA"]
[SourceTitle "EXT 2022"]
[Source "ChessBase"]
[SourceDate "2021.10.06"]
[SourceVersion "1"]
[SourceVersionDate "2021.10.06"]
[SourceQuality "1"]

1. Nf3 Nf6 2. g3 e6 3. Bg2 d5 4. 0-0 c5 5. c4 Nc6 6. b3 Be7 7. Bb2 0-0 8. Ne5 Rb8 9. Nxc6 bxc6 10. Be5 Bd6 11. Bxd6 Qxd6 12. Nc3 Re8 13. Re1 dxc4 14. bxc4 Rd8 15. d3 Qd4 16. Ne4 Nxe4 17. Bxe4 Qd6 18. Qa4 f5 19. Bg2 Rb7 20. Rab1 Qb8 21. Rxb7 Qxb7 22. Bxc6 Qb6 23. Qb5 Ba6 24. Qxb6 axb6 25. Rb1 Rb8 26. a4 Kf7 27. a5 Ke7 28. Rxb6 Rxb6 29. axb6 Kd6 30. Bb5 Bb7 31. e3 e5 32. h4 e4 33. d4 g6 34. d5 h6 35. Kg2 g5 36. hxg5 hxg5 37. f3 exf3+ 38. Kxf3 g4+ 39. Kf4 Bc8 40. Bc6 Ba6 41. b7 Kc7 42. d6+ Kb8 43. d7 1-0

[Event "Rio Grande do Norte zt CBX"]
[Site "Natal"]
[Date "2015.03.29"]
[Round "4.11"]
[White "Batista, Francisco Klemberg"]
[Black "Da Silva Filho, Ibernon Luiz"]
[Result "0-1"]
[WhiteElo "1746"]
[BlackElo "1701"]
[PlyCount "60"]
[EventDate "2015.03.27"]
[EventType "swiss"]
[EventRounds "5"]
[EventCountry "BRA"]
[SourceTitle "EXT 2022"]
[Source "ChessBase"]
[SourceDate "2021.10.06"]
[SourceVersion "1"]
[SourceVersionDate "2021.10.06"]
[SourceQuality "1"]

1. e4 g6 2. d4 Bg7 3. Nf3 d6 4. Nc3 Bg4 5. Be3 Nd7 6. Bc4 Bxf3 7. Qxf3 Ngf6 8. g4 h6 9. h4 e6 10. 0-0-0 Qe7 11. Nb5 Nb6 12. Bb3 c6 13. Nxd6+ Qxd6 14. e5 Qe7 15. exf6 Bxf6 16. Kb1 Nd5 17. g5 hxg5 18. hxg5 Rxh1 19. Rxh1 Bg7 20. Rh7 Nxe3 21. Rxg7 Qf8 22. Rh7 Nf5 23. Qe4 0-0-0 24. Bxe6+ fxe6 25. Qxe6+ Kb8 26. Qxg6 Rxd4 27. Qh5 Rh4 28. Qxh4 Nxh4 29. Rxh4 Qxf2 30. Rh8+ Kc7 0-1

[Event "Rio Grande do Norte zt CBX"]
[Site "Natal"]
[Date "2015.03.28"]
[Round "2.11"]
[White "Oliveira Jr, Antonio Fernandes"]
[Black "Da Silva Filho, Ibernon Luiz"]
[Result "1-0"]
[WhiteElo "1840"]
[BlackElo "1701"]
[PlyCount "71"]
[EventDate "2015.03.27"]
[EventType "swiss"]
[EventRounds "5"]
[EventCountry "BRA"]
[SourceTitle "EXT 2022"]
[Source "ChessBase"]
[SourceDate "2021.10.06"]
[SourceVersion "1"]
[SourceVersionDate "2021.10.06"]
[SourceQuality "1"]

1. d4 Nf6 2. Nf3 e6 3. c4 d5 4. g3 b6 5. Bg2 Bb4+ 6. Bd2 Bxd2+ 7. Nbxd2 Bb7 8. 0-0 0-0 9. Rc1 Nbd7 10. c5 c6 11. b4 bxc5 12. dxc5 Ba6 13. Nd4 Qc7 14. Re1 e5 15. Nf5 Ne8 16. e4 g6 17. Ne7+ Kg7 18. exd5 cxd5 19. Nxd5 Qd8 20. Qa4 Bb7 21. c6 Nb6 22. Nxb6 axb6 23. Qc2 Rc8 24. Qb2 Ba6 25. Qxe5+ Kg8 26. Rcd1 Qd3 27. Bf1 Qa3 28. b5 Bxb5 29. Qxb5 Qxa2 30. Qxb6 Ng7 31. Ne4 Rb8 32. Qc5 Ne6 33. Nf6+ Kg7 34. Qe5 h5 35. Nd7+ Kh7 36. Nxb8 1-0

[Event "American Continental 10th"]
[Site "Praia da Pipa"]
[Date "2014.10.23"]
[Round "8"]
[White "Chaves, Jorge Antonio Torre"]
[Black "Da Silva Filho, Ibernon Luiz"]
[Result "1-0"]
[WhiteElo "2006"]
[BlackElo "1716"]
[PlyCount "45"]
[EventDate "2014.10.18"]
[EventType "swiss"]
[EventRounds "11"]
[EventCountry "BRA"]
[SourceTitle "EXT 2015"]
[Source "ChessBase"]
[SourceDate "2014.11.20"]
[SourceVersion "1"]
[SourceVersionDate "2014.11.20"]
[SourceQuality "1"]

1. d4 d5 2. c4 e6 3. Nf3 b6 4. g3 dxc4 5. Qa4+ c6 6. Qxc4 Ba6 7. Qc2 Bb4+ 8. Nc3 c5 9. dxc5 Bxc5 10. Bg5 f6 11. Rd1 Qc7 12. Be3 Bxe3 13. fxe3 Qc5 14. Nd4 Bb7 15. Nxe6 Qxe3 16. Nc7+ Kf7 17. N3b5 Bxh1 18. Nd6+ Kf8 19. Nf5 Qe5 20. Rd8+ Kf7 21. Qc4+ Kg6 22. Qg4+ Kf7 23. Qxg7# 1-0

[Event "American Continental 10th"]
[Site "Praia da Pipa"]
[Date "2014.10.22"]
[Round "6"]
[White "Pereira Fo, Hildebrando Apolon"]
[Black "Da Silva Filho, Ibernon Luiz"]
[Result "0-1"]
[WhiteElo "1803"]
[BlackElo "1716"]
[PlyCount "86"]
[EventDate "2014.10.18"]
[EventType "swiss"]
[EventRounds "11"]
[EventCountry "BRA"]
[SourceTitle "EXT 2015"]
[Source "ChessBase"]
[SourceDate "2014.11.20"]
[SourceVersion "1"]
[SourceVersionDate "2014.11.20"]
[SourceQuality "1"]

1. c4 Nf6 2. d3 b6 3. Nf3 Bb7 4. e3 g6 5. Be2 Bg7 6. Bd2 0-0 7. Bc3 d6 8. 0-0 Nbd7 9. Nbd2 e5 10. b4 Re8 11. Ng5 Qe7 12. Nge4 d5 13. Ng3 c5 14. bxc5 Nxc5 15. Bb4 Qd7 16. d4 exd4 17. exd4 Nce4 18. Ngxe4 Nxe4 19. Nf3 dxc4 20. Bxc4 Rac8 21. Qd3 Nd6 22. Rac1 Rxc4 23. Rxc4 Ba6 24. Rfc1 Bxc4 25. Rxc4 Nxc4 26. Qxc4 Rc8 27. Qf1 Qc7 28. Bd2 Qc4 29. a3 Bxd4 30. Qd1 Bc5 31. Ne5 Qe6 32. Qa1 Re8 33. Bc3 Qf5 34. Nf3 Re2 35. Qd1 Re8 36. h3 a5 37. Nd4 Qd5 38. Qa4 Re4 39. Qb5 Rxd4 40. Qe8+ Kg7 41. Qe3 f6 42. Bxd4 Qxd4 43. Qxd4 Bxd4 0-1

[Event "American Continental 10th"]
[Site "Praia da Pipa"]
[Date "2014.10.20"]
[Round "4"]
[White "Da Silva Filho, Ibernon Luiz"]
[Black "Moyses Sobrinho, Elias"]
[Result "0-1"]
[WhiteElo "1716"]
[BlackElo "1915"]
[PlyCount "88"]
[EventDate "2014.10.18"]
[EventType "swiss"]
[EventRounds "11"]
[EventCountry "BRA"]
[SourceTitle "EXT 2015"]
[Source "ChessBase"]
[SourceDate "2014.11.20"]
[SourceVersion "1"]
[SourceVersionDate "2014.11.20"]
[SourceQuality "1"]

1. Nf3 Nf6 2. c4 g6 3. g3 Bg7 4. Bg2 c5 5. d4 cxd4 6. Nxd4 Nc6 7. Nxc6 bxc6 8. e4 0-0 9. Nc3 Ba6 10. Qd3 Ng4 11. b3 Qb6 12. 0-0 Nxf2 13. Rxf2 Bd4 14. Qe2 Rab8 15. Bh6 Bxf2+ 16. Qxf2 Rfd8 17. Qxb6 axb6 18. Rd1 b5 19. cxb5 Bxb5 20. Nxb5 Rxb5 21. Bf1 Re5 22. Rd4 g5 23. h4 f6 24. Be2 Kf7 25. Bh5+ Kg8 26. hxg5 fxg5 27. Bg4 e6 28. Kf2 d5 29. Ke3 Kf7 30. Bh5+ Kf6 31. Ra4 Rxe4+ 32. Rxe4 dxe4 33. Kxe4 c5 34. Ke3 Ra8 35. a4 Rb8 36. Kf2 Rxb3 37. Bf8 c4 38. Bd1 Rb2+ 39. Ke1 c3 40. Ba3 Ra2 41. Bc1 Ra1 42. Be3 c2 43. Bd4+ e5 44. Bxa1 c1Q 0-1

[Event "American Continental 10th"]
[Site "Praia da Pipa"]
[Date "2014.10.19"]
[Round "2"]
[White "Da Silva Filho, Ibernon Luiz"]
[Black "Moccero, Eduardo"]
[Result "1/2-1/2"]
[WhiteElo "1716"]
[BlackElo "1997"]
[PlyCount "132"]
[EventDate "2014.10.18"]
[EventType "swiss"]
[EventRounds "11"]
[EventCountry "BRA"]
[SourceTitle "EXT 2015"]
[Source "ChessBase"]
[SourceDate "2014.11.20"]
[SourceVersion "1"]
[SourceVersionDate "2014.11.20"]
[SourceQuality "1"]

1. c4 Nc6 2. Nc3 Nf6 3. d4 d5 4. cxd5 Nxd5 5. e4 Nxc3 6. bxc3 e6 7. Nf3 Be7 8. Bd3 h6 9. h4 Bf6 10. e5 Be7 11. Qc2 Qd5 12. Be4 Qa5 13. Bd2 Bd7 14. Rb1 0-0-0 15. Qb3 Qb6 16. Qc2 Qa5 17. 0-0 g5 18. hxg5 hxg5 19. Nxg5 Bxg5 20. Bxg5 Rdg8 21. Bf6 Rh3 22. g3 Qa3 23. Kg2 Rh6 24. Qb3 Qxb3 25. axb3 Nb8 26. Rh1 Rxh1 27. Rxh1 Bc6 28. Bxc6 Nxc6 29. b4 Kd7 30. Rh7 Ke8 31. Kf3 Ne7 32. Rh8 Rxh8 33. Bxh8 Nd5 34. c4 Nxb4 35. Ke4 c6 36. Bf6 a5 37. Bg5 a4 38. Bd2 Na6 39. c5 Nc7 40. Kd3 Kd7 41. Bc3 Nd5 42. Bd2 Kc7 43. Bc1 b5 44. cxb6+ Kxb6 45. Kc4 Kc7 46. g4 Kd7 47. f4 Kc7 48. f5 exf5 49. gxf5 Kd7 50. f6 Ke6 51. Ba3 Kd7 52. Bc5 Ke6 53. Kd3 Nf4+ 54. Kc3 Kd5 55. Kb4 Nd3+ 56. Kxa4 Nxc5+ 57. dxc5 Kxe5 58. Ka5 Ke6 59. Kb6 Kd5 60. Kc7 Kxc5 61. Kd7 Kd5 62. Ke7 c5 63. Kxf7 c4 64. Kg7 c3 65. f7 c2 66. f8Q c1Q 1/2-1/2

[Event "Manaus zt 2.4"]
[Site "Manaus"]
[Date "2013.05.03"]
[Round "9"]
[White "Da Silva Filho, Ibernon Luiz"]
[Black "Rodolpho Filho, Joao"]
[Result "1-0"]
[WhiteElo "1721"]
[BlackElo "1782"]
[PlyCount "49"]
[EventDate "2013.04.27"]
[EventType "swiss"]
[EventRounds "9"]
[EventCountry "BRA"]
[SourceTitle "CBM 154 Extra"]
[Source "ChessBase"]
[SourceDate "2013.06.25"]
[SourceVersion "2"]
[SourceVersionDate "2013.06.25"]
[SourceQuality "1"]

1. c4 Nf6 2. Nc3 e6 3. e4 d5 4. cxd5 exd5 5. e5 Qe7 6. d4 h6 7. Be2 Ng4 8. Bxg4 Bxg4 9. Qxg4 c6 10. Nf3 Qe6 11. Qg3 f5 12. Qh3 Nd7 13. 0-0 0-0-0 14. Bd2 g6 15. Rfc1 Bg7 16. Ne1 Rde8 17. Na4 b6 18. Qd3 Kb7 19. Nc2 b5 20. Nc3 a6 21. a4 Ra8 22. axb5 cxb5 23. Nxb5 axb5 24. Qxb5+ Nb6 25. Nb4 1-0

[Event "Manaus zt 2.4"]
[Site "Manaus"]
[Date "2013.05.02"]
[Round "8"]
[White "Silva, Miguel Zadorosny"]
[Black "Da Silva Filho, Ibernon Luiz"]
[Result "0-1"]
[WhiteElo "1781"]
[BlackElo "1721"]
[PlyCount "85"]
[EventDate "2013.04.27"]
[EventType "swiss"]
[EventRounds "9"]
[EventCountry "BRA"]
[SourceTitle "CBM 154 Extra"]
[Source "ChessBase"]
[SourceDate "2013.06.25"]
[SourceVersion "2"]
[SourceVersionDate "2013.06.25"]
[SourceQuality "1"]

1. e4 c5 2. Nf3 e6 3. d4 cxd4 4. Nxd4 a6 5. c4 b6 6. Nc3 Bb7 7. Be3 Be7 8. Qd2 d6 9. Be2 Nf6 10. f3 Nbd7 11. 0-0 0-0 12. Rad1 Rc8 13. Nc2 Ne5 14. b3 Qc7 15. a4 Rfd8 16. a5 bxa5 17. Na4 Ned7 18. Bf4 Nc5 19. Nxc5 Qxc5+ 20. Be3 Qc7 21. Bf4 Nh5 22. Bg5 d5 23. Bxe7 Qxe7 24. Qxa5 Nf4 25. Qd2 Qg5 26. g3 Nxe2+ 27. Qxe2 dxe4 28. fxe4 Qc5+ 29. Rf2 Rxd1+ 30. Qxd1 Bxe4 31. Qd7 Bxc2 32. Qxf7+ Kh8 33. Qxe6 Rf8 34. Qe2 Qxf2+ 35. Qxf2 Rxf2 36. Kxf2 Bxb3 37. c5 Bd5 38. Ke3 a5 39. Kd4 Bc6 40. Ke5 a4 41. Kd4 Kg8 42. h4 Kf7 43. Kc4 0-1

[Event "Manaus zt 2.4"]
[Site "Manaus"]
[Date "2013.04.27"]
[Round "1"]
[White "De Souza, Rafael Cabral"]
[Black "Da Silva Filho, Ibernon Luiz"]
[Result "1-0"]
[WhiteElo "2170"]
[BlackElo "1721"]
[PlyCount "41"]
[EventDate "2013.04.27"]
[EventType "swiss"]
[EventRounds "9"]
[EventCountry "BRA"]
[SourceTitle "CBM 154 Extra"]
[Source "ChessBase"]
[SourceDate "2013.06.25"]
[SourceVersion "2"]
[SourceVersionDate "2013.06.25"]
[SourceQuality "1"]

1. e4 c5 2. Nf3 e6 3. d4 cxd4 4. Nxd4 Bb4+ 5. c3 Bc5 6. Be3 e5 7. Nf5 Bxe3 8. Nd6+ Kf8 9. fxe3 Qb6 10. Nxc8 Qxb2 11. Qd6+ Ke8 12. Qxe5+ Kd8 13. Nd6 Qxa1 14. Nxf7+ Kc8 15. Qe8+ Kc7 16. Qe5+ Kc8 17. Bd3 Qxa2 18. Qxg7 a5 19. 0-0 Ne7 20. Qxh8+ Kc7 21. Qd8+ 1-0

[Event "Natal Potiguar op"]
[Site "Natal"]
[Date "2012.06.09"]
[Round "5"]
[White "Da Silva Filho, Ibernon Luiz"]
[Black "Maracaba, Francisco Wladimir"]
[Result "0-1"]
[WhiteElo "1705"]
[BlackElo "1993"]
[PlyCount "54"]
[EventDate "2012.06.07"]
[EventType "swiss"]
[EventRounds "7"]
[EventCountry "BRA"]
[SourceTitle "CBM 148 Extra"]
[Source "ChessBase"]
[SourceDate "2012.06.22"]
[SourceVersion "1"]
[SourceVersionDate "2012.06.22"]
[SourceQuality "1"]

1. c4 Nf6 2. Nc3 e5 3. g3 Bc5 4. e3 Nc6 5. Bg2 0-0 6. Nge2 Re8 7. 0-0 d6 8. d4 Bb6 9. d5 Ne7 10. b4 a5 11. b5 Bg4 12. h3 Bf5 13. e4 Bd7 14. Kh2 Ng6 15. f4 exf4 16. Bxf4 Ne5 17. Bxe5 Rxe5 18. Nf4 Qc8 19. Qf3 Bd4 20. Qd3 Bxc3 21. Qxc3 Nxe4 22. Bxe4 Rxe4 23. Nh5 Re5 24. Qf3 Rf5 25. Qc3 Rxh5 26. Rf4 Bxh3 27. Rh4 Qf5 0-1